000 00388 a2200121 4500
020 _a9788120326705
082 _a624.15136 PRA
100 _aPrasad, Bharat Bhushan
245 _aFundamentals of Soil Dynamics and Earthquake Engineering/
_cBharat Bhushan Prasad
260 _aNew Delhi :
_bPHI Learning Private Ltd,
_c2009
300 _axv, 566p. :
_bill. ;
650 _aSoil Dynamics
650 _aEarthquake Engineering
999 _c1130
_d1130